| 000 | 00869nam a2200277 i 4500 | ||
|---|---|---|---|
| 003 | DO-SdBNP | ||
| 005 | 20250415104837.0 | ||
| 007 | ta | ||
| 008 | 250415b2024 dr ||||| |||| 00| 0 spa d | ||
| 020 | _a9789945654653 | ||
| 040 |
_aDO-SdBNP _bspa _cBNPHU _erda |
||
| 041 | _aspa | ||
| 082 | 4 |
_axxx _bR696m _222 |
|
| 100 | 1 |
_aRodríguez, Bernaliza _eautor _4aut. _987125 |
|
| 245 | 1 | 0 |
_aMientras soy mía : _bel hogar soy yo / _cBernaliza Rodríguez ; corrección, Edgardo Hinginio. |
| 250 | _aPrimera edición | ||
| 264 |
_aSanto Domingo : _bEditorial Santuario, _c2024. |
||
| 300 |
_a139 páginas ; _c24 cm. |
||
| 336 |
_atexo _btxt _2rdacontent |
||
| 337 |
_asin mediación _bn _2rdamedia |
||
| 338 |
_avolumen _bnc _2rdacarrier |
||
| 590 | _aInventariado, 2025 /LP | ||
| 700 | 1 |
_aHinginio, Edgardo _ecorrector _4corr. _987457 |
|
| 910 | _aLP | ||
| 942 |
_2ddc _cLBS1 |
||
| 999 |
_c58326 _d58326 |
||